[Event "Autunno Scacchistico Magistrale"]
[Site "Venezia ITA"]
[Date "2005.11.01"]
[Round "6"]
[White "Pomaro, Stefano"]
[Black "Fattorelli, Luciano"]
[Result "1-0"]
[WhiteElo "1919"]
[BlackElo "2079"]
[PlyCount "81"]
[EventDate "2005.10.29"]

1.e4 d6 2.f4 c5 3.Nf3 Nc6 4.Bb5 g6 5.O-O Bg7 6.Nc3 e6 7.d3 Ne7 8.Be3 a6 9.
Bxc6+ Nxc6 10.Qe1 Nd4 11.Qf2 Nxf3+ 12.Qxf3 Qc7 13.f5 Bd4 14.Bxd4 cxd4 15.
fxe6 Bxe6 16.Qf6 O-O 17.Qxd4 b6 18.Rac1 Qc5 19.Qxc5 bxc5 20.b3 Rfd8 21.Rf6
Kg7 22.Rcf1 Ra7 23.a4 Rb7 24.Nd5 Bxd5 25.exd5 Re7 26.R1f3 Re2 27.Rxf7+ Kg8
28.Rf2 Re1+ 29.Rf1 Re2 30.R1f2 Re1+ 31.Rf1 Rxf1+ 32.Rxf1 Kg7 33.Kf2 Rf8+ 
34.Ke2 Re8+ 35.Kd2 Re5 36.c4 a5 37.Re1 Rxe1 38.Kxe1 Kf6 39.Ke2 Ke5 40.Ke3 
h6 41.g4 1-0

[Event "Autunno Scacchistico Magistrale"]
[Site "Venezia ITA"]
[Date "2005.11.01"]
[Round "6"]
[White "Redo, Giorgio"]
[Black "Sarakauskiene, Zivile"]
[Result "1/2-1/2"]
[WhiteElo "2037"]
[BlackElo "2161"]
[PlyCount "124"]
[EventDate "2005.10.29"]

1.f4 d5 2.e3 d4 3.e4 e5 4.d3 Nc6 5.Nf3 Bg4 6.Be2 Bxf3 7.Bxf3 Bd6 8.f5 h5 
9.O-O g6 10.fxg6 fxg6 11.Nd2 Qd7 12.Nc4 Be7 13.a4 O-O-O 14.Bd2 Nf6 15.b4 
Qe6 16.b5 Nb8 17.a5 Nfd7 18.Rb1 Rh7 19.Qc1 Rg8 20.Bg5 Bc5 21.h3 Rf7 22.Rf2
Nf8 23.Qd2 Nh7 24.Rbf1 Rff8 25.h4 Nd7 26.Bd1 Re8 27.Rf7 Nxg5 28.hxg5 Be7 
29.Kh2 Ref8 30.Rxf8+ Rxf8 31.Rxf8+ Nxf8 32.g4 h4 33.Qf2 Nh7 34.c3 dxc3 35.
Qxa7 Nxg5 36.Qa8+ Kd7 37.Qxb7 Nf3+ 38.Kh1 c2 39.Bxc2 Qxg4 40.Nb6+ Ke8 41.
Qc8+ Qxc8 42.Nxc8 Bc5 43.a6 Nd4 44.Ba4 Kd7 45.a7 Bxa7 46.Nxa7 Kd6 47.Bd1 
Kc5 48.Kg2 g5 49.Bg4 Kd6 50.Kf2 Kc5 51.Bd7 Kd6 52.Bg4 Kc5 53.Ke3 Kd6 54.
Bc8 Nc2+ 55.Kf3 Ne1+ 56.Kg4 Nxd3 57.Kxg5 Nf2 58.Kxh4 Nxe4 59.Bb7 Nc3 60.
Bc8 Kc5 61.Bd7 e4 62.Kg3 Kb6 1/2-1/2

[Event "Autunno Scacchistico Magistrale"]
[Site "Venezia ITA"]
[Date "2005.11.01"]
[Round "6"]
[White "Redo, Stefano"]
[Black "Cesaro, Giuliano"]
[Result "1-0"]
[WhiteElo "1949"]
[BlackElo "1954"]
[PlyCount "45"]
[EventDate "2005.10.29"]

1.e4 c6 2.d4 d5 3.Nc3 dxe4 4.Nxe4 Nd7 5.Bc4 Ngf6 6.Ng5 e6 7.Qe2 Nb6 8.Bd3 
h6 9.Ne4 Nbd5 10.Nf3 Be7 11.Bd2 Qb6 12.O-O Nxe4 13.Qxe4 Nf6 14.Qh4 Nd5 15.
Qg3 Bf6 16.Rfe1 Bxd4 17.c4 Ne7 18.Nxd4 Qxd4 19.Bc3 Qb6 20.Bxg7 Rg8 21.Bh7 
Bd7 22.Bxg8 Nxg8 23.Qh4 1-0

[Event "Autunno Scacchistico Magistrale"]
[Site "Venezia ITA"]
[Date "2005.11.01"]
[Round "6"]
[White "Rigo, Gianfrancesco"]
[Black "Pietrobon, Fabio"]
[Result "1-0"]
[WhiteElo "2028"]
[BlackElo "2166"]
[PlyCount "62"]
[EventDate "2005.10.29"]

1.Nf3 Nf6 2.b3 g6 3.Bb2 Bg7 4.g3 O-O 5.Bg2 d6 6.d4 Nbd7 7.O-O c5 8.dxc5 
Nxc5 9.Nbd2 Bd7 10.Nd4 Qc8 11.Re1 Bh3 12.Bh1 Ng4 13.e4 Bh6 14.N2f3 e5 15.
Nb5 Rd8 16.c4 a6 17.Nc3 Qe6 18.Bc1 Bxc1 19.Rxc1 h6 20.Qd2 Kg7 21.Nd5 Rac8 
22.b4 Na4 23.Bg2 Bxg2 24.Kxg2 b5 25.cxb5 axb5 26.Qd3 Qd7 27.Nd2 Qa7 28.Qf3
h5 29.h3 Nh6 30.Qf6+ Kh7 31.Nf3 Rb8 1-0

[Event "Autunno Scacchistico Magistrale"]
[Site "Venezia ITA"]
[Date "2005.11.01"]
[Round "6"]
[White "Rorato, Renzo"]
[Black "Xia, Jie"]
[Result "1/2-1/2"]
[WhiteElo "2149"]
[BlackElo "2111"]
[PlyCount "108"]
[EventDate "2005.10.29"]

1.Nf3 Nf6 2.c4 g6 3.Nc3 Bg7 4.e4 d6 5.d4 O-O 6.Be2 Nc6 7.d5 Nb8 8.h3 a5 9.
O-O Na6 10.Be3 e5 11.Nd2 Ne8 12.f4 exf4 13.Bxf4 c6 14.Be3 Nf6 15.Qe1 Nd7 
16.Qf2 Nb4 17.Rac1 Ne5 18.Qg3 h6 19.dxc6 bxc6 20.Nf3 Qe7 21.Rfd1 Be6 22.
Nxe5 dxe5 23.a3 Na6 24.Qf2 Rfd8 25.Na4 Qb7 26.Bb6 Rxd1+ 27.Rxd1 Nb8 28.
Rd8+ Kh7 29.b3 Nd7 30.Rxa8 Qxa8 31.Nc5 Nxb6 32.Nxe6 fxe6 33.Qxb6 h5 34.g4 
h4 35.Qf2 Qd8 36.Kg2 Kg8 37.c5 Bh6 38.Bc4 Bf4 39.Bxe6+ Kg7 40.Bc4 Kh6 41.
a4 Kg5 42.Kf3 Qd1+ 43.Kg2 Qc1 44.Qf1 Qc3 45.Qd3 Qb2+ 46.Kf3 Qh2 47.Qd8+ 
Kh6 48.Qh8+ Kg5 49.Qd8+ Kh6 50.Qxh4+ Kg7 51.Qe7+ Kh6 52.Qh4+ Kg7 53.Qe7+ 
Kh6 54.Qh4+ Kg7 1/2-1/2

[Event "Autunno Scacchistico Magistrale"]
[Site "Venezia ITA"]
[Date "2005.11.01"]
[Round "6"]
[White "Sarakauskas, Gediminas"]
[Black "Dervishi, Erald"]
[Result "1/2-1/2"]
[WhiteElo "2437"]
[BlackElo "2489"]
[PlyCount "64"]
[EventDate "2005.10.29"]

1.d4 Nf6 2.Nf3 e6 3.g3 d5 4.Bg2 Be7 5.O-O O-O 6.c4 dxc4 7.Qa4 a6 8.Qxc4 b5
9.Qc2 Bb7 10.Bg5 Nbd7 11.Bxf6 Nxf6 12.Nbd2 Rc8 13.Nb3 Be4 14.Qc1 Qd5 15.
Rd1 Rfd8 16.Nc5 Bxc5 17.Qxc5 Qb7 18.Rac1 Rd5 19.Qc6 Qxc6 20.Rxc6 Rd6 21.
Rcc1 Kf8 22.Ne5 Bxg2 23.Kxg2 c5 24.dxc5 Rxd1 25.Rxd1 Rxc5 26.Rd8+ Ke7 27.
Nd3 Rc2 28.Ra8 Rxe2 29.Ra7+ Ke8 30.Ra8+ Ke7 31.Ra7+ Ke8 32.Ra8+ Ke7 
1/2-1/2

[Event "Autunno Scacchistico Magistrale"]
[Site "Venezia ITA"]
[Date "2005.11.01"]
[Round "6"]
[White "Temi, Walter"]
[Black "Zarpellon, Daniel"]
[Result "1-0"]
[WhiteElo "2086"]
[BlackElo "2010"]
[PlyCount "105"]
[EventDate "2005.10.29"]

1.e4 b6 2.d4 Bb7 3.Nd2 e6 4.Ngf3 c5 5.c3 Nf6 6.Bd3 Be7 7.O-O d5 8.e5 Nfd7 
9.Re1 Nc6 10.Nf1 g5 11.Be3 h5 12.a3 Rg8 13.b4 c4 14.Bc2 g4 15.N3d2 Qc7 16.
a4 O-O-O 17.Qb1 Bg5 18.Bxg5 Rxg5 19.Qc1 Rg7 20.Nb1 Ncxe5 21.dxe5 Nxe5 22.
Qh6 Rgg8 23.Qf6 Ng6 24.a5 b5 25.a6 Bc6 26.Ra5 Rd6 27.Na3 Qe7 28.Qd4 Rd7 
29.Nxb5 Bxb5 30.Rxb5 Qd6 31.Qc5+ Qxc5 32.Rxc5+ Rc7 33.Rxc7+ Kxc7 34.Bxg6 
Rxg6 35.Nd2 Kb6 36.Ra1 Rg8 37.Kf1 Rc8 38.Ke2 e5 39.Ke3 f5 40.f4 gxf3 41.
Nxf3 f4+ 42.Kf2 d4 43.cxd4 e4 44.Ne1 Kb5 45.Nc2 c3 46.Ra5+ Kb6 47.Rxh5 
Kxa6 48.Rf5 e3+ 49.Kf3 Re8 50.Rxf4 Kb5 51.Re4 Rxe4 52.Kxe4 e2 53.Kd3 1-0

[Event "Autunno Scacchistico Magistrale"]
[Site "Venezia ITA"]
[Date "2005.11.01"]
[Round "6"]
[White "Velluti, Alberto"]
[Black "Pfeifer, Andreas"]
[Result "0-1"]
[WhiteElo "2014"]
[BlackElo "2130"]
[PlyCount "92"]
[EventDate "2005.10.29"]

1.e4 e6 2.Qe2 c5 3.g3 Nc6 4.c3 g6 5.Bg2 Bg7 6.d3 Nge7 7.Nf3 e5 8.O-O O-O 
9.Na3 b6 10.Nc2 d6 11.Ne3 f5 12.c4 f4 13.Nd5 Bg4 14.h3 Nd4 15.Qd1 Nxf3+ 
16.Bxf3 Bxh3 17.Bg2 Bxg2 18.Kxg2 Nxd5 19.cxd5 Qf6 20.gxf4 exf4 21.f3 Qg5+ 
22.Kf2 Rae8 23.Rh1 Qg3+ 24.Kf1 Bd4 25.Qc2 Re5 26.Qg2 Qxg2+ 27.Kxg2 Rg5+ 
28.Kf1 Rg3 29.Ke2 Rg2+ 30.Kd1 Kg7 31.Rb1 a5 32.Bd2 Rf2 33.Rh3 g5 34.Bc3 
Bxc3 35.bxc3 Rb8 36.d4 cxd4 37.cxd4 Rf1+ 38.Kc2 Rc8+ 39.Kb2 Rxb1+ 40.Kxb1 
Rc4 41.Rh2 Rxd4 42.Rc2 Kf6 43.Rc6 Ke5 44.Rc7 g4 45.Re7+ Kf6 46.Re6+ Kg5 
0-1

[Event "Autunno Scacchistico Magistrale"]
[Site "Venezia ITA"]
[Date "2005.11.01"]
[Round "6"]
[White "Vianello, Enrico"]
[Black "Alberti, Andrea"]
[Result "1-0"]
[WhiteElo "2086"]
[BlackElo "2179"]
[PlyCount "153"]
[EventDate "2005.10.29"]

1.d4 d5 2.c4 dxc4 3.Nf3 Nf6 4.e3 e6 5.Bxc4 c5 6.O-O a6 7.a4 Nc6 8.Qe2 Qc7 
9.Nc3 Bd6 10.h3 O-O 11.Rd1 cxd4 12.exd4 Nb4 13.Bg5 Nbd5 14.Rac1 Qa5 15.Bb3
h6 16.Bd2 Qb6 17.Bc2 Nf4 18.Qf1 Qxb2 19.Ne5 Bxe5 20.dxe5 N6d5 21.Qc4 Ng6 
22.Bxg6 fxg6 23.Nxd5 exd5 24.Qxd5+ Kh7 25.Be3 Bf5 26.Bd4 Qe2 27.Qxb7 Be6 
28.Re1 Qd2 29.Be3 Qa5 30.Qb6 Qxb6 31.Bxb6 Rac8 32.a5 g5 33.Red1 Rxc1 34.
Rxc1 Rc8 35.Rd1 Kg8 36.Rd6 Kf7 37.Bd4 Bc4 38.Rd7+ Kg6 39.e6 Bxe6 40.Rd6 
Kf7 41.Rxa6 g6 42.Ra7+ Ke8 43.Bg7 h5 44.Bf6 Bc4 45.Bxg5 Rc6 46.Bd2 Re6 47.
Kh2 Rc6 48.Bb4 Re6 49.Rb7 Bd3 50.Bc5 Rc6 51.Bb6 Bc4 52.g4 hxg4 53.hxg4 Re6
54.Kg3 Rc6 55.Kf4 Re6 56.Kg5 Kf8 57.Bd4 Bd3 58.f4 Ke8 59.Rb3 Bc4 60.Rc3 
Bb5 61.Bf6 Be2 62.Rg3 Kf7 63.Be5 Rc6 64.Rh3 Rc5 65.Rh7+ Ke6 66.Ra7 Rc6 67.
Bd4 Bd3 68.Rg7 Rd6 69.Bb6 Rd5+ 70.Kh6 Kf6 71.g5+ Kf5 72.Rxg6 Kxf4 73.Rf6+ 
Kg4 74.g6 Rh5+ 75.Kg7 Kg5 76.Be3+ Kg4 77.a6 1-0

[Event "II Open Disfida di Barletta A"]
[Site "Barletta ITA"]
[Date "2005.10.30"]
[Round "3"]
[White "Di Carlo, Romeo"]
[Black "Shytaj, Carlo"]
[Result "0-1"]
[WhiteElo "2074"]
[BlackElo "2225"]
[PlyCount "116"]
[EventDate "2005.10.29"]

1. d4 Nf6 2. Nf3 e6 3. Bf4 b6 4. e3 Be7 5. h3 Bb7 6. Nbd2 d6 7. Bd3 O-O 8. O-O
Nd5 9. Bh2 Nb4 10. Be2 Nd7 11. c3 Nc6 12. e4 Bf6 13. Bf4 e5 14. Be3 Ne7 15. Qc2
Ng6 16. Rfe1 Re8 17. d5 h6 18. Bf1 Ngf8 19. a4 g5 20. Nc4 Ng6 21. Bd2 Bg7 22.
Ne3 Ne7 23. a5 c5 24. a6 Bc8 25. Bb5 Rf8 26. Nh2 Nf6 27. Nhf1 Ne8 28. Bxe8 Qxe8
29. Ng3 f5 30. Ngxf5 Bxf5 31. exf5 Qf7 32. c4 Nxf5 33. Nxf5 Qxf5 34. Qxf5 Rxf5
35. Bc3 Rf4 36. b3 Rb8 37. g3 Rf3 38. Re3 Rxe3 39. fxe3 b5 40. Kf2 bxc4 41.
bxc4 e4 42. Bxg7 Kxg7 43. Ra5 Rb6 44. h4 Kf6 45. hxg5+ hxg5 46. g4 Ke5 47. Rb5
Rxa6 48. Rb8 Rb6 49. Re8+ Kf6 50. Rxe4 a5 51. Re8 Ra6 52. Rb8 a4 53. Rb2 a3 54.
Ra2 Ke5 55. Kf3 Ra4 56. Ke2 Ke4 57. Kd2 Rxc4 58. Rxa3 Kxd5 0-1

[Event "I Weekend A"]
[Site "Piacenza ITA"]
[Date "2005.11.04"]
[Round "1"]
[White "Bevilacqua, Roberto"]
[Black "Gaponenko, Inna"]
[Result "0-1"]
[WhiteElo "2116"]
[BlackElo "2432"]
[PlyCount "48"]
[EventDate "2005.11.04"]

1. e4 c5 2. Nf3 d6 3. d4 cxd4 4. Qxd4 Nf6 5. Nc3 a6 6. Bg5 Nc6 7. Qd2 e6 8.
O-O-O h6 9. Bf4 e5 10. Be3 Be6 11. a3 Rc8 12. h3 b5 13. g4 b4 14. Nd5 bxa3 15.
bxa3 Nxe4 16. Qe1 Bxd5 17. Rxd5 Nf6 18. Bc4 Qc7 19. Rd2 Na5 20. Bxa6 Nb3+ 21.
Kd1 Nxd2 22. Bb5+ Kd8 23. Qxd2 Ne4 24. Qd3 Nc3+ 0-1

[Event "I Weekend A"]
[Site "Piacenza ITA"]
[Date "2005.11.04"]
[Round "1"]
[White "Borin, Fabio"]
[Black "Laketic, Gojko"]
[Result "0-1"]
[WhiteElo "2128"]
[BlackElo "2479"]
[PlyCount "92"]
[EventDate "2005.11.04"]

1. e4 Nf6 2. e5 Nd5 3. d4 d6 4. f4 Bf5 5. Nf3 e6 6. Bd3 Be7 7. Bxf5 exf5 8. Qd3
Qd7 9. c4 Nb4 10. Qc3 d5 11. a3 a5 12. axb4 Bxb4 13. Qxb4 axb4 14. Rxa8 O-O 15.
Nbd2 dxc4 16. O-O Qd5 17. b3 b5 18. Ra5 c3 19. Nc4 Qb7 20. Ne3 Nc6 21. Ra2 Ne7
22. Rd1 c6 23. Nc2 Nd5 24. Be3 Ra8 25. Rda1 Rxa2 26. Rxa2 h6 27. Nh4 Qd7 28.
Nf3 Qe6 29. Bc1 Ne7 30. Na1 Qd5 31. Re2 Qd8 32. Ra2 c5 33. Be3 c4 34. Ra7 Nc6
35. Ra6 Qd5 36. h4 Qe4 37. Bf2 Ne7 38. e6 fxe6 39. h5 cxb3 40. Nxb3 Qb1+ 41.
Kh2 Qxb3 42. Ra8+ Kh7 43. Ne5 Qd1 44. g4 fxg4 45. Ra7 Nf5 46. Ng6 g3+ 0-1

[Event "I Weekend A"]
[Site "Piacenza ITA"]
[Date "2005.11.04"]
[Round "1"]
[White "Bozzali, Ermanno"]
[Black "Aleksic, Nenad"]
[Result "1/2-1/2"]
[WhiteElo "2108"]
[BlackElo "2381"]
[PlyCount "87"]
[EventDate "2005.11.04"]

1. d4 Nf6 2. Nf3 b6 3. Bf4 Ba6 4. g3 e6 5. Bg2 Bb7 6. O-O Be7 7. c4 O-O 8. Nc3
Ne4 9. Qc2 Nxc3 10. Qxc3 d6 11. Rad1 Nd7 12. Qc2 Nf6 13. Ng5 Bxg2 14. Kxg2 h6
15. Ne4 Nh5 16. Bc1 Qc8 17. Nc3 c5 18. d5 e5 19. e4 Bg5 20. f4 exf4 21. Qe2 f3+
22. Qxf3 Bxc1 23. Rxc1 Nf6 24. Qf4 Qd7 25. Nb5 Ne8 26. e5 dxe5 27. Qxe5 a6 28.
Nc3 Nd6 29. Ne4 Nxe4 30. Qxe4 Rae8 31. Qf3 Re5 32. Rce1 Rfe8 33. Rxe5 Rxe5 34.
b3 f6 35. Rf2 Qe7 36. Qg4 h5 37. Qc8+ Kh7 38. Qc6 Re2 39. d6 Qe3 40. Qf3 Rxf2+
41. Qxf2 Qd3 42. Qf3 Qxd6 43. Qxh5+ Kg8 44. Kg1 1/2-1/2

[Event "I Weekend A"]
[Site "Piacenza ITA"]
[Date "2005.11.04"]
[Round "1"]
[White "Brancaleoni, Maurizio"]
[Black "Capata, Ion"]
[Result "1-0"]
[WhiteElo "2308"]
[BlackElo "2090"]
[PlyCount "92"]
[EventDate "2005.11.04"]

1. d4 d5 2. c4 e6 3. Nf3 Nf6 4. g3 g6 5. Bg2 Bg7 6. Qa4+ Nbd7 7. cxd5 exd5 8.
Qa3 Bf8 9. Qb3 Qe7 10. O-O Bg7 11. Bd2 b6 12. Nc3 c6 13. Rfe1 O-O 14. e4 Nxe4
15. Nxd5 cxd5 16. Qxd5 Ba6 17. Qxe4 Qxe4 18. Rxe4 Nf6 19. Ree1 Rad8 20. Rac1
Nd5 21. Ne5 Bb5 22. b3 f6 23. Nc6 Bxc6 24. Rxc6 f5 25. Rc4 Rd7 26. Bxd5+ Rxd5
27. Be3 Rfd8 28. Rc7 R5d7 29. Rec1 Kf7 30. Bg5 Bf6 31. Bxf6 Kxf6 32. R1c6+ Kg5
33. Kg2 f4 34. Rc4 fxg3 35. hxg3 h5 36. R4c6 Kf5 37. Kf3 g5 38. Rc4 h4 39. g4+
Ke6 40. R7c6+ Rd6 41. Ke4 Rxc6 42. Rxc6+ Kf7 43. d5 h3 44. Rh6 Re8+ 45. Kf3 Re5
46. Rxh3 Kg6 1-0

[Event "I Weekend A"]
[Site "Piacenza ITA"]
[Date "2005.11.04"]
[Round "1"]
[White "Brigati, Alessandro"]
[Black "Guanciale, Orazio"]
[Result "1-0"]
[WhiteElo "2006"]
[BlackElo "2154"]
[PlyCount "87"]
[EventDate "2005.11.04"]

1. d4 f5 2. c4 Nf6 3. g3 g6 4. Bg2 Bg7 5. Nf3 O-O 6. O-O d6 7. Nc3 Qe8 8. Qc2
e5 9. dxe5 dxe5 10. e4 Nc6 11. Be3 f4 12. Bc5 Rf7 13. Rad1 b6 14. Ba3 Bg4 15.
Rd3 h6 16. gxf4 Nh5 17. Nxe5 Nxe5 18. fxe5 Bxe5 19. Nd5 Qe6 20. h3 c6 21. hxg4
Qxg4 22. Qd1 Qxd1 23. Rdxd1 cxd5 24. cxd5 Nf4 25. b3 Ne2+ 26. Kh1 g5 27. Bc1 g4
28. Be3 h5 29. Rfe1 Nc3 30. Rd2 h4 31. Kg1 h3 32. Bh1 Nb5 33. Rc1 Kh7 34. Rc6
Nd6 35. Bd4 Bf4 36. Rdc2 g3 37. e5 g2 38. Rxd6 Rg8 39. Bxg2 Rxg2+ 40. Kf1 Rfg7
41. Rc3 Bg3 42. Rxg3 R7xg3 43. fxg3 Rxa2 44. Kg1 1-0

[Event "I Weekend A"]
[Site "Piacenza ITA"]
[Date "2005.11.04"]
[Round "1"]
[White "Dassisti, Alberto"]
[Black "Nannelli, Paolo"]
[Result "0-1"]
[WhiteElo "2012"]
[BlackElo "2172"]
[PlyCount "65"]
[EventDate "2005.11.04"]

1. e4 e6 2. d4 d5 3. Nd2 dxe4 4. Nxe4 Bd7 5. Bd3 Bc6 6. Nf3 Nd7 7. O-O Ngf6 8.
Re1 Nxe4 9. Bxe4 Bxe4 10. Rxe4 Nf6 11. Re2 Be7 12. Bg5 O-O 13. c4 c6 14. Qb3
Qb6 15. Qc2 Rfe8 16. Rae1 Rac8 17. h3 Qc7 18. Qc1 Qa5 19. a3 b5 20. b4 Qd8 21.
c5 a5 22. Nh4 Nd5 23. Bxe7 Rxe7 24. Qg5 Rd7 25. Qxd8+ Rdxd8 26. bxa5 Ra8 27.
Nf3 Rxa5 28. Ne5 Ne7 29. Re3 Rxd4 30. Rf3 f6 31. Ng4 e5 32. Nxf6+ gxf6 33. Rxf6
0-1

[Event "I Weekend A"]
[Site "Piacenza ITA"]
[Date "2005.11.04"]
[Round "1"]
[White "Drei, Andrea"]
[Black "Candura, Stefano"]
[Result "1-0"]
[WhiteElo "2274"]
[BlackElo "2039"]
[PlyCount "73"]
[EventDate "2005.11.04"]

1. e4 e6 2. Nc3 d5 3. d4 Bb4 4. exd5 exd5 5. Bd3 Nc6 6. Nge2 Nge7 7. O-O O-O 8.
a3 Bxc3 9. bxc3 Bf5 10. c4 dxc4 11. Bxc4 Qd7 12. Bb2 Rfe8 13. d5 Na5 14. Ba2
Qa4 15. Qd4 Qxd4 16. Nxd4 b6 17. Nb5 Rec8 18. Rfe1 Ng6 19. Bc3 Nb7 20. Nd4 Bd7
21. g3 Re8 22. f4 Nd6 23. Rad1 a5 24. Kg2 Nf5 25. Kf2 Nxd4 26. Bxd4 Bf5 27.
Rxe8+ Rxe8 28. Rd2 Rd8 29. Bb3 Kf8 30. c4 Be4 31. Re2 f5 32. Rd2 Kf7 33. Be3
Ke7 34. c5 b5 35. d6+ cxd6 36. cxd6+ Kf8 37. Bb6 1-0

[Event "I Weekend A"]
[Site "Piacenza ITA"]
[Date "2005.11.04"]
[Round "1"]
[White "Genocchio, Daniele"]
[Black "Mussap, Angelo"]
[Result "1-0"]
[WhiteElo "2348"]
[BlackElo "2107"]
[PlyCount "46"]
[EventDate "2005.11.04"]

1. e4 e5 2. Nf3 Nc6 3. d4 exd4 4. Nxd4 Qf6 5. Nf3 b6 6. Bb5 Bb7 7. O-O h6 8.
Nc3 O-O-O 9. Nd5 Qe6 10. Re1 Nf6 11. Bc4 Qe8 12. Bf4 d6 13. Bb5 Qe6 14. h3 Kb8
15. c4 Qc8 16. Qa4 Ne7 17. Nd4 Nd7 18. b4 Ne5 19. c5 Nxd5 20. exd5 Bxd5 21.
cxb6 cxb6 22. Rac1 Qb7 23. Bxe5 dxe5 1-0

[Event "I Weekend A"]
[Site "Piacenza ITA"]
[Date "2005.11.04"]
[Round "1"]
[White "Giannetta, Paolo"]
[Black "Barletta, Mauro"]
[Result "0-1"]
[WhiteElo "2039"]
[BlackElo "2254"]
[PlyCount "64"]
[EventDate "2005.11.04"]

1. d4 d5 2. Bg5 c6 3. Nf3 Qb6 4. Qc1 Nf6 5. Bxf6 gxf6 6. e3 Bf5 7. c4 dxc4 8.
Bxc4 Rg8 9. Nbd2 Bh6 10. Nh4 Bg6 11. Nxg6 Rxg6 12. O-O Nd7 13. b4 e6 14. Bd3
Rg7 15. Rb1 Kf8 16. b5 c5 17. Qa3 Kg8 18. Nc4 Qc7 19. Rfc1 Kh8 20. Be4 cxd4 21.
Nd6 Qd8 22. Nxb7 Qg8 23. Nd6 Rd8 24. Rd1 f5 25. Bb7 dxe3 26. fxe3 f6 27. Nc4
Nb6 28. Nxb6 Rxb7 29. Nc4 e5 30. Rd6 Rxd6 31. Nxd6 Bf8 32. Qa6 Rb6 0-1

[Event "I Weekend A"]
[Site "Piacenza ITA"]
[Date "2005.11.04"]
[Round "1"]
[White "Magrini, Fabrizio"]
[Black "Peric, Slavisa"]
[Result "0-1"]
[WhiteElo "2067"]
[BlackElo "2308"]
[PlyCount "74"]
[EventDate "2005.11.04"]

1. e4 e6 2. d4 d5 3. Nc3 Nc6 4. e5 Nge7 5. f4 Nf5 6. Nf3 Bd7 7. a3 a6 8. Be2 b6
9. Qd3 Bc8 10. Be3 Na5 11. b4 Nc4 12. Bc1 c5 13. bxc5 bxc5 14. g4 Nxd4 15. Nxd4
Qh4+ 16. Qg3 Qxg3+ 17. hxg3 cxd4 18. Bxc4 dxc4 19. Na4 Bb7 20. Rh2 c3 21. f5
Bf3 22. fxe6 fxe6 23. g5 Rb8 24. Rh4 Rd8 25. g6 h6 26. Bg5 Be7 27. Bxe7 Kxe7
28. Nc5 Rhf8 29. Nxa6 Rd5 30. Rf4 Rxe5+ 31. Kf2 Bh5 32. Rb1 Re2+ 33. Kf1 Rxf4+
34. gxf4 Rxc2 35. Rb7+ Kf6 36. Nc5 Rc1+ 37. Kf2 Bxg6 0-1

[Event "I Weekend A"]
[Site "Piacenza ITA"]
[Date "2005.11.04"]
[Round "1"]
[White "Maksimenko, Andrei"]
[Black "Tencati, Giuseppe"]
[Result "1-0"]
[WhiteElo "2501"]
[BlackElo "2132"]
[PlyCount "47"]
[EventDate "2005.11.04"]

1. d4 d5 2. c4 c6 3. Nf3 e6 4. Qc2 Nf6 5. Bg5 Be7 6. e3 Nbd7 7. Nc3 O-O 8. a3
Re8 9. Bd3 Nf8 10. O-O N6d7 11. Bf4 Bf6 12. cxd5 exd5 13. b4 g5 14. Bg3 h5 15.
h3 Ne6 16. Rad1 Kg7 17. Ne5 Bxe5 18. dxe5 g4 19. Qe2 gxh3 20. gxh3 Rh8 21. f4
Ndf8 22. f5 Qg5 23. Kh2 h4 24. Rg1 1-0

[Event "I Weekend A"]
[Site "Piacenza ITA"]
[Date "2005.11.04"]
[Round "1"]
[White "Marmili, Giulio"]
[Black "Braghetta, Sergio"]
[Result "1/2-1/2"]
[WhiteElo "2066"]
[BlackElo "2277"]
[PlyCount "111"]
[EventDate "2005.11.04"]

1. c4 g6 2. Nc3 Bg7 3. g3 c5 4. Bg2 Nc6 5. d3 d6 6. Nf3 e5 7. O-O Nge7 8. Rb1
O-O 9. Ne1 Be6 10. Nc2 d5 11. cxd5 Nxd5 12. Ne4 b6 13. Bd2 h6 14. h3 Rc8 15.
Nc3 Qd7 16. b4 cxb4 17. Nxd5 Bxd5 18. Bxd5 Qxd5 19. Nxb4 Qe6 20. Nxc6 Rxc6 21.
Qa4 Rc7 22. Rfc1 Rfc8 23. Rxc7 Rxc7 24. Rc1 Rxc1+ 25. Bxc1 Qc8 26. Be3 Qb7 27.
Qb5 Kh7 28. h4 Qc7 29. Qb3 Qd7 30. a4 f5 31. Qc4 f4 32. Bd2 Bf8 33. Qe4 fxg3
34. fxg3 Bd6 35. g4 Kg7 36. Kg2 h5 37. gxh5 gxh5 38. Be1 Kf6 39. Bg3 Qf5 40.
Qc6 Ke7 41. Qb7+ Qd7 42. Qe4 Kf6 43. Qd5 Qe6 44. Qa8 Qg4 45. Qd8+ Be7 46. Qh8+
Kf7 47. Qxe5 Bxh4 48. Qc7+ Be7 49. Qf4+ Qxf4 50. Bxf4 a6 51. e4 b5 52. axb5
axb5 53. Bd2 Ke6 54. d4 Bf6 55. Bc3 Bg5 56. Kh3 1/2-1/2

[Event "I Weekend A"]
[Site "Piacenza ITA"]
[Date "2005.11.04"]
[Round "1"]
[White "Mosconi, Ariel Oscar"]
[Black "Gaggino, Davide"]
[Result "0-1"]
[WhiteElo "2164"]
[BlackElo "2008"]
[PlyCount "152"]
[EventDate "2005.11.04"]

1. g3 d5 2. Bg2 Nf6 3. d3 c6 4. Nf3 Bf5 5. O-O Qc8 6. Re1 Bh3 7. Bh1 Nbd7 8.
Nbd2 e5 9. Ng5 Bg4 10. h3 h6 11. hxg4 hxg5 12. Nf3 Nxg4 13. Bxg5 f6 14. Bd2
Rxh1+ 15. Kg2 Rxe1 16. Bxe1 Nb6 17. a4 Qf5 18. a5 Nd7 19. Ra4 O-O-O 20. e4 dxe4
21. dxe4 Qe6 22. Qe2 Be7 23. b4 Rh8 24. Nh4 Nh6 25. b5 c5 26. Qf3 Nf8 27. Bd2
g6 28. a6 b6 29. Ra1 Nf7 30. Rd1 Ng5 31. Bxg5 fxg5 32. Nf5 Kc7 33. Ne3 Qh3+ 34.
Kg1 Qh2+ 35. Kf1 Qh1+ 36. Ke2 Qxf3+ 37. Kxf3 Bd8 38. Nc4 Nd7 39. Rd6 Rf8+ 40.
Ke3 Rf6 41. Rd1 g4 42. Ke2 Re6 43. Rh1 Nf6 44. Kd3 Nh5 45. Ne3 Rd6+ 46. Nd5+
Kd7 47. Kc4 Nf6 48. Re1 Ke6 49. c3 Rd7 50. Re2 Rh7 51. Re3 Rh2 52. f3 gxf3 53.
Rxf3 Nxe4 54. Rf8 Nd6+ 55. Kb3 Nf7 56. c4 Rh3 57. Re8+ Kd7 58. Nf6+ Bxf6 59.
Ra8 Rxg3+ 60. Kc2 Nd6 61. Rxa7+ Kd8 62. Rh7 Nc8 63. Rf7 Rf3 64. a7 Nxa7 65.
Rxa7 Kc8 66. Ra8+ Kc7 67. Rf8 g5 68. Kd2 e4 69. Ke2 g4 70. Rf7+ Kc8 71. Rf8+
Kc7 72. Rg8 g3 73. Rg4 Rf2+ 74. Ke3 Bd4+ 75. Kxe4 g2 76. Kd5 Rd2 0-1

[Event "I Weekend A"]
[Site "Piacenza ITA"]
[Date "2005.11.04"]
[Round "1"]
[White "Murgia, Andrea"]
[Black "Gromovs, Sergejs"]
[Result "0-1"]
[WhiteElo "2089"]
[BlackElo "2302"]
[PlyCount "46"]
[EventDate "2005.11.04"]

1. e4 c5 2. c3 g6 3. d4 cxd4 4. cxd4 Bg7 5. Nf3 Nf6 6. Nc3 d5 7. e5 Ne4 8. Nxe4
dxe4 9. Ng5 Nc6 10. Bc4 O-O 11. Be3 Qa5+ 12. Kf1 Qb4 13. Bd5 Qb5+ 14. Kg1 Qxd5
15. h4 f6 16. Nxh7 Kxh7 17. h5 g5 18. h6 Bh8 19. Rc1 b6 20. f3 Bf5 21. b3 exf3
22. Rc4 fxg2 23. Rh2 Nxe5 0-1

[Event "I Weekend A"]
[Site "Piacenza ITA"]
[Date "2005.11.04"]
[Round "1"]
[White "Pace, Pietro Dario"]
[Black "Grillo, Francesco"]
[Result "1-0"]
[WhiteElo "2233"]
[BlackElo "2037"]
[PlyCount "66"]
[EventDate "2005.11.04"]

1. d4 d5 2. c4 c6 3. Nc3 Nf6 4. Nf3 e6 5. Bg5 h6 6. Bh4 g5 7. Bg3 dxc4 8. e4
Bb4 9. Qc2 g4 10. Nd2 Qxd4 11. Bxc4 b5 12. Be2 h5 13. Rd1 Qb6 14. O-O Bb7 15.
e5 Nd5 16. Nxd5 cxd5 17. a4 bxa4 18. Qxa4+ Bc6 19. Qc2 Bd7 20. Nb1 Nc6 21. Qd3
Bc5 22. Nc3 Nd4 23. Bh4 Rb8 24. Bf6 Nxe2+ 25. Qxe2 Rh6 26. Kh1 Be7 27. Bxe7
Kxe7 28. Rxd5 Bc6 29. Rd6 Qb7 30. Rfd1 Bxg2+ 31. Kg1 Bc6 32. Qe3 Rg6 33. Qc5
Rg5 1-0

[Event "I Weekend A"]
[Site "Piacenza ITA"]
[Date "2005.11.04"]
[Round "1"]
[White "Pipitone, Antonio"]
[Black "Salami, Marco"]
[Result "0-1"]
[WhiteElo "2029"]
[BlackElo "2202"]
[PlyCount "90"]
[EventDate "2005.11.04"]

1. e4 e6 2. d4 d5 3. Nc3 Bb4 4. e5 c5 5. a3 Bxc3+ 6. bxc3 Ne7 7. f4 Nbc6 8. Nf3
Bd7 9. Be2 Nf5 10. g4 Nh4 11. O-O Nxf3+ 12. Rxf3 Qc7 13. a4 Na5 14. Ba3 b6 15.
Bc1 cxd4 16. cxd4 Rc8 17. c3 Nc4 18. Qf1 O-O 19. Bd3 f5 20. Qh3 Qd8 21. Rg3 Rf7
22. gxf5 exf5 23. Rg5 g6 24. Ra2 Rg7 25. Rag2 Be6 26. Qf3 Qe8 27. Bc2 Rcc7 28.
h4 h6 29. R5g3 Kh7 30. Rh2 a6 31. Kf2 h5 32. Rhg2 b5 33. axb5 axb5 34. Rg5 b4
35. Qd1 bxc3 36. Ba4 Qf7 37. R2g3 Nb2 38. Qc2 Rc4 39. Bb3 Rxd4 40. Rxc3 Nd1+
41. Kf3 Nxc3 42. Qxc3 Re4 43. Bc2 Rc4 44. Qd3 Qc7 45. Rg2 Rc3 0-1